000 00547nam a22001575i 4500
001 54435
003 ES-MaACL
007 t|
008 960723s1874 it ||||1| ita d
040 _aCAM
_bspa
_cCAM
100 1 _aFoscolo, Ugo.
_951891
245 1 0 _aTragedie e poesie /
_cdi Ugo Foscolo; nuova edizione che comprende nella sua integritá il Carme,le Grazie secondo la lezione di F. S. Orlandini con aggiunte, varianti e note.
260 _aMilano :
_bEdoardo Sonzogno,
_c1874.
300 _a336 p. ;
_c18 cm.
852 _aES-MaACL
_jG-10525(1)
999 _c54435
_d54435